LEADER 00866nam0-22002531i-450- 001 990002607520403321 005 20070606112836.0 035 $a000260752 035 $aFED01000260752 035 $a(Aleph)000260752FED01 035 $a000260752 100 $a20030910d1967----km-y0itay50------ba 101 0 $aita 102 $aIT 200 1 $aFoglio di modificazioni n. 4 alla tariffa dei dazi doganali di importazione della Repubblica Italiana$fMinistero delle Finanze 210 $aRoma$cIstituto Poligrafico dello Stato$d1967 710 01$aItalia.$bMinistero delle finanze$0356818 801 0$aIT$bUNINA$gRICA$2UNIMARC 901 $aBK 912 $a990002607520403321 952 $a4-9-284-TI$b2007/2011$fECA 959 $aECA 996 $aFoglio di modificazioni n. 4 alla tariffa dei dazi doganali di importazione della Repubblica Italiana$9434869 997 $aUNINA LEADER 01005nam0-2200337---450- 001 990008315630403321 005 20150305111942.0 035 $a000831563 035 $aFED01000831563 035 $a(Aleph)000831563FED01 035 $a000831563 100 $a20060426d1980----km-y0itay50------ba 101 0 $aita 102 $aIT 105 $ay---n---001yy 200 1 $aMinistero e crisi degli organi collegiali$eevoluzione delle strutture, funzionamento attuale e prospettive di riforma$fFabio Iodice, Osvaldo Roman 210 $aRoma$cNIS$d1980 215 $a330 p.$d22 cm 225 1 $aSocietą e istituzioni 676 $a342$v11 rid.$zita 700 1$aIodice,$bFabio$0500279 701 1$aRoman,$bOsvaldo$0500280 801 0$aIT$bUNINA$gRICA$2UNIMARC 901 $aBK 912 $a990008315630403321 952 $aDP XXVII-161$b5865$fDEC 952 $aVI I 310$b4432$fDDA 959 $aDEC 959 $aDDA 996 $aMinistero e crisi degli organi collegiali$9744410 997 $aUNINA LEADER 04237nam 2200685 450 001 9910463834103321 005 20200903223051.0 010 $a90-04-28164-9 024 7 $a10.1163/9789004281646 035 $a(CKB)2670000000571209 035 $a(EBL)1815778 035 $a(SSID)ssj0001347344 035 $a(PQKBManifestationID)11788629 035 $a(PQKBTitleCode)TC0001347344 035 $a(PQKBWorkID)11350281 035 $a(PQKB)10199487 035 $a(MiAaPQ)EBC1815778 035 $a(OCoLC)884242826$z(OCoLC)891567052 035 $a(nllekb)BRILL9789004281646 035 $a(PPN)184915473 035 $a(Au-PeEL)EBL1815778 035 $a(CaPaEBR)ebr10953613 035 $a(CaONFJC)MIL651307 035 $a(OCoLC)893333654 035 $a(EXLCZ)992670000000571209 100 $a20141021h20152015 uy 0 101 0 $aeng 135 $aur|n|---||||| 181 $ctxt 182 $cc 183 $acr 200 04$aThe divine courtroom in comparative perspective /$fedited by Ari Mermelstein and Shalom E. Holtz 210 1$aLeiden, Netherlands :$cBrill,$d2015. 210 4$d©2015 215 $a1 online resource (314 p.) 225 1 $aBiblical Interpretation Series,$x0928-0731 ;$vVolume 132 300 $aIncludes index. 311 $a90-04-28163-0 311 $a1-322-20027-0 320 $aIncludes bibliographical references and index. 327 $tPreliminary Material -- $t1 Introduction: The Divine Courtroom in Comparative Perspective /$rAri Mermelstein and Shalom E. Holtz -- $t2 Divine Judges on Earth and in Heaven /$rTzvi Abusch -- $t3 The Divine Courtroom Scenes of Daniel 7 and the Qumran Book of Giants: A Textual and Contextual Comparison /$rJoseph L Angel -- $t4 Justice without Judgment: Pure Procedural Justice and the Divine Courtroom in Sifre Deuteronomy /$rChaya Halberstam -- $t5 Rabbi Nissim of Girona on the Heavenly Court, Truth, and Justice /$rWarren Zev Harvey -- $t6 The Divine Courtroom Motif in the Hebrew Bible: A Holistic Approach /$rJob Y. Jindo -- $t7 Getting Perspective: The Divine Courtroom in Tertullian of Carthage?s Apologeticum /$rMeira Z. Kensky -- $t8 Disqualified Olympians: The Skeptical Greek View of Divine Judges /$rVictor Bers and Adriaan Lanni -- $t9 A Life of Jesus as Testimony: The Divine Courtroom and the Gospel of John /$rAndrew T. Lincoln -- $t10 Trying the Crime of Abuse of Royal Authority in the Divine Courtroom and the Incident of Naboth?s Vineyard /$rF. Rachel Magdalene -- $t11 The Invention of the Divine Courtroom in the Book of Job /$rCarol A. Newsom -- $t12 The Q??? Before the Judge: The Social Use of Eschatology in Muslim Courts /$rMathieu Tillier -- $t13 Lawsuits against God in Rabbinic Literature /$rDov Weiss -- $tIndex of Primary Sources. 330 $aContributors to The Divine Courtroom in Comparative Perspective treat one of the most pervasive religious metaphors, that of the divine courtroom, in both its historical and thematic senses. In order to shed light on the various manifestations of the divine courtroom, this volume consists of essays by scholars of the ancient Near East, Hebrew Bible, Second Temple Judaism, early Christianity, Talmud, Islam, medieval Judaism, and classical Greek literature. Contributions to the volume primarily center upon three related facets of the divine courtroom: the role of the divine courtroom in the earthly legal system; the divine courtroom as the site of historical justice; and the divine courtroom as the venue in which God is called to answer for his own unjust acts. 410 0$aBiblical interpretation series ;$vVolume 132. 606 $aComparative religious law$vCongresses 606 $aReligion and justice$vCongresses 606 $aJustice$xReligious aspects$vCongresses 608 $aElectronic books. 615 0$aComparative religious law 615 0$aReligion and justice 615 0$aJustice$xReligious aspects 676 $a202/.117 702 $aMermelstein$b Ari 702 $aHoltz$b Shalom E. 801 0$bMiAaPQ 801 1$bMiAaPQ 801 2$bMiAaPQ 906 $aBOOK 912 $a9910463834103321 996 $aThe divine courtroom in comparative perspective$92006085 997 $aUNINA